Регионална библиотека "Любен Каравелов" - Русе

Убивай ме нежно (Запис номер 526595)

MARC детайли
000 -Лидер
Лидер 01266nam a2200313 a 4500
003 - Код на организацията, давaща контролен номер
Код на организацията, даваща контролен номер BLK
005 - Дата и час на последна редакция
Дата и час на последна редакция 20250607094547.0
008 - Елементи от данни с фиксирана дължина
Елементи с фиксирана дължина 250206b bul|||||r ||||||| ||bul||
020 ## - Международен стандартен номер на книга ISBN
ISBN 9786190303053
040 ## - Източник на каталожния запис
Код на библиотеката BLK
041 ## - Код за език
Език Български
Език за КДБФ Български
080 ## - УДК
УДК текст Американска литература (на САЩ)
УДК код 821.111(73)
УДК – определител -312.4
УДК – код + определител 821.111(73)-312.4
084 ## - Класификационен индекс по друга класификация
Авторски знак Еле - Е 49
100 ## - Редна дума - Автор
Автор Елис, Дейвид
R(LIN) 295161
245 ## - Сведения за заглавието
Заглавие Убивай ме нежно
Авторска отговорност Дейвид Елис ; прев. от англ. Венцислав Божилов.
257 ## - Страна на издаване
Страна на създаване/издаване Съединени американски щати
260 ## - Област на издателските данни
Място на издаване София
Име на издателя Бард
Година на издаване 2024
Печатница София : Алианс принт
300 ## - Физическа характеристика
Брой страници 460 с.
Размер 20 см
380 ## - Жанр
Жанр Худож. лит.
490 ## - СЕРИИ (Колекции)
Серия Кралете на трилъра
9 (RLIN) 201353
ISSN на серия C621-2905
500 ## - Общи забележки
Обща забележка Ориг. загл.: Look closer / David Ellis
700 ## - Други автори (авторска отговорност)
Друг автор Божилов, Венцислав Божидаров
Звания и думи, свързани с автора Теодосиев, Стефан, 1968- (псевдоним)
Дати, свързани с автора 1968-
9 (RLIN) 367877
852 ## - Местоположение
Систематично-азбучна сигнатура Цб 326448
Отдел Хранилище
852 ## - Местоположение
Отдел Заемна - подръчен фонд
Систематично-азбучна сигнатура 821-31/Е 49 Д
942 ## - АРТИКУЛИ
Вид на библиотечния документ Книги
Скрит в OPAC Не
Koha issues (borrowed), all copies 83
Периодичен библиозапис Да
944 ## - СЪЗДАВАНЕ И РЕДАКЦИЯ на ЗАПИСА
Дата на регистрацията/редакция Геновева Генчева
Служител, извършил регистрацията/редакцията 30575
Номер на служител Мартин Енчев
944 ## - СЪЗДАВАНЕ И РЕДАКЦИЯ на ЗАПИСА
Дата на регистрацията/редакция 2025-02-14
Служител, извършил регистрацията/редакцията М.Я.
Създаване/Редакция Редакция
999 ## - СИСТЕМНИ КОНТРОЛНИ НОМЕРА
Koha biblionumber 526595
Koha biblioitemnumber 526595
Наличности
Код за отписване Код за изгубен артикул Източник на класификационната схема Код за повреда Код за отдаване Артикулен № Име на библиотеката - собственик Име на библиотеката, в която се намира в момента Статус (Текущо местоположение) Дата на вписване в системата Местоположение - отдел Цена в лева Инвентарен номер Систематично азбучна сигнатура Баркод Цена в евро Служебен тип на артикула Коз за рестрикции
  Не е изгубен Universal Decimal Classification Не е повреден заемане за дома 960469 Регионална библиотека "Любен Каравелов" Русе Регионална библиотека "Любен Каравелов" Русе Заемна - подръчен фонд 2025-02-07 Заемна - подръчен фонд 13.59 120000917714 821-31/Е 49 Д 120000917714 6.95 Книги  
  Не е изгубен Universal Decimal Classification Не е повреден заемане за дома 960470 Регионална библиотека "Любен Каравелов" Русе Регионална библиотека "Любен Каравелов" Русе Заемна - подръчен фонд 2025-02-07 Заемна - подръчен фонд 13.59 120000917713 821-31/Е 49 Д 120000917713 6.95 Книги  
  Не е изгубен Universal Decimal Classification Не е повреден ползва се в читалня 961156 Регионална библиотека "Любен Каравелов" Русе Регионална библиотека "Любен Каравелов" Русе Хранилище 2025-02-17 Хранилище 19.99 120000918183 Цб 326448 120000918183 10.22 Книги само за читалня
Vip Innovations Ltd, Rousse, Bulgaria 2025